000 00602nam a2200205Ia 4500
003 OSt
005 20250130110412.0
008 210716s9999 xx 000 0 und d
040 _cAIMIT LIBRARY
041 _aeng
082 _a005.7401
_21
_bORAC
100 _aOracle
_9196194
245 _aPro c supplement to the oracle precompilers guide.
250 _a1st ed.
300 _a4.47,A4,7 p.;
_bPB
_c24.5 cm.
650 _aEmbedded sql syntax
_9196195
650 _aRequired sql statements
_9196196
650 _aDeclaring and referencing host variables
_9196197
942 _2ddc
_cBK
_k005.7401 ORAC
999 _c182222
_d182222